|
|
|
|
| LEADER |
00615cam a2200181 7i4500 |
| 001 |
0000001257 |
| 005 |
20170218090000.0 |
| 020 |
|
|
|a 9789839236521
|
| 020 |
|
|
|a 9839236520 (pbk.)
|
| 090 |
0 |
0 |
|a HD30.3
|b .A92 2000
|
| 100 |
0 |
|
|a Abdul Rahman Aziz
|
| 245 |
1 |
0 |
|a Pekerjaan dalam kehidupan manusia
|c Abdul Rahman Aziz.
|
| 260 |
|
|
|a Petaling Jaya, Selangor:
|b Prentice Hall,
|c 2000.
|
| 300 |
|
|
|a vii, 219 p.;
|c 24 cm.
|
| 504 |
|
|
|a Includes bibliographical references and index
|
| 650 |
0 |
0 |
|a Organizational communication
|
| 997 |
|
|
|a Business & Accountancy, Faculty
|
| 999 |
|
|
|a 0000009110
|b BOK
|c OPEN SHELF
|e 1st Floor, Bestari Jaya
|